000 00317nam a2200121Ia 4500
008 190216s9999||||xx |||||||||||||| ||und||
100 _aJohn A Garrty & Peter Gay
245 4 _aThe University History Of The World
260 _bNew Oxford Edition
_c1978
300 _a707p
650 _aWorld History
942 _cBK
999 _c20107
_d20107